Twenty-five inspiring readings : (Record no. 1699)
[ view plain ]
| 000 -LEADER | |
|---|---|
| fixed length control field | 00636nam a2200217Ia 4500 |
| 001 - CONTROL NUMBER | |
| control field | 10514249 |
| 003 - CONTROL NUMBER IDENTIFIER | |
| control field | OSt |
| 005 - DATE AND TIME OF LATEST TRANSACTION | |
| control field | 20180919182714.0 |
| 008 - FIXED-LENGTH DATA ELEMENTS--GENERAL INFORMATION | |
| fixed length control field | 840313s1952 mou 000 0 eng |
| 010 ## - LIBRARY OF CONGRESS CONTROL NUMBER | |
| LC control number | 52010257 |
| 035 ## - SYSTEM CONTROL NUMBER | |
| System control number | .b10524083 |
| 040 ## - CATALOGING SOURCE | |
| Original cataloging agency | DLC |
| Transcribing agency | ISE |
| Modifying agency | MZN |
| -- | OCoLC |
| 082 ## - DEWEY DECIMAL CLASSIFICATION NUMBER | |
| Classification number | 242 |
| Item number | E535T |
| 090 ## - LOCALLY ASSIGNED LC-TYPE CALL NUMBER (OCLC); LOCAL CALL NUMBER (RLIN) | |
| Classification number (OCLC) (R) ; Classification number, CALL (RLIN) (NR) | BV4801 |
| Local cutter number (OCLC) ; Book number/undivided call number, CALL (RLIN) | .E66 |
| 100 1# - MAIN ENTRY--PERSONAL NAME | |
| Personal name | Emerson, Laura S |
| 245 10 - TITLE STATEMENT | |
| Title | Twenty-five inspiring readings : |
| Remainder of title | religious stories for oral reading / |
| Statement of responsibility, etc. | compiled and arranged by Laura S. Emerson |
| 260 ## - PUBLICATION, DISTRIBUTION, ETC. | |
| Place of publication, distribution, etc. | Kansas City, Mo. : |
| Name of publisher, distributor, etc. | Lillenas Pub. Co., |
| Date of publication, distribution, etc. | c1952 |
| 300 ## - PHYSICAL DESCRIPTION | |
| Extent | 128 p. ; |
| Dimensions | 20 cm |
| 650 #0 - SUBJECT ADDED ENTRY--TOPICAL TERM | |
| Topical term or geographic name entry element | Devotional literature |
| 942 ## - ADDED ENTRY ELEMENTS (KOHA) | |
| Source of classification or shelving scheme | Dewey Decimal Classification |
| Koha item type | Books |
| Withdrawn status | Lost status | Source of classification or shelving scheme | Damaged status | Not for loan | Collection code | Home library | Current library | Shelving location | Date acquired | Total Checkouts | Full call number | Barcode | Date last seen | Price effective from | Koha item type |
|---|---|---|---|---|---|---|---|---|---|---|---|---|---|---|---|
| Dewey Decimal Classification | Non-fiction | Harvest Mission College | Harvest Mission College | General Stacks | 19.09.2018 | 242 E535T | 001568 | 19.09.2018 | 19.09.2018 | Books |
